Numerical calculations and algorithms
Збережено в:
| Автор: | |
|---|---|
| Інші автори: | |
| Формат: | Книга |
| Мова: | English |
| Опубліковано: |
New York, McGraw-Hill
1967
|
| Серія: | McGraw-Hill Series in Information Processing and Computers
|
| Предмети: | |
| Теги: |
Додати тег
Немає тегів, Будьте першим, хто поставить тег для цього запису!
|
MARC
| LEADER | 00000nam a2200000Ia 4500 | ||
|---|---|---|---|
| 003 | 001945 | ||
| 005 | 20221231143946.0 | ||
| 008 | 140114s1967 nyua 000 ||eng d | ||
| 040 | |c cru CEDI | ||
| 082 | |a 518.028.5 B394n | ||
| 100 | |a Beckett, Royce E. |9 21015 | ||
| 245 | |a Numerical calculations and algorithms | ||
| 260 | |a New York, McGraw-Hill |c 1967 | ||
| 300 | |a xi, 298 páginas : ilustraciones | ||
| 440 | |a McGraw-Hill Series in Information Processing and Computers |9 21016 | ||
| 650 | |x ANALISIS NUMERICO - PROCESAMIENTO DE DATOS |x ALGORITMOS |9 21017 | ||
| 700 | |9 21018 |a Hurt, James, 1939- | ||
| 942 | |2 ddc |c BK | ||
| 999 | |c 14801 |d 14801 | ||
